| 000 | 00426nam a2200145Ia 4500 | ||
|---|---|---|---|
| 008 | 231129s2000||||xx |||||||||||||| ||spa|| | ||
| 020 | _a84-492-0203-5 (Obra | ||
| 040 | _bspa | ||
| 082 | _a972.02 D542h | ||
| 100 | _aDíaz del Castillo Bernal | ||
| 245 | 0 | _aHistoria verdadera de la conquista de la Nueva España | |
| 260 | _c2000 | ||
| 264 | _aMadrid: Dastin Historia | ||
| 942 |
_2ddc _cBKS |
||
| 999 |
_c15349 _d15349 |
||